Culture Générale - Série 2465 - Statistiques

Statistiques générales
  • Ce quiz a été pris 209 fois
  • Le résultat moyen est 4 sur 10
Statistiques - réponses
Question Réponse % Correct
Quel chanteur interprète "En apesanteur et Prendre racine" ? Calogero
81%
Quelle langue parle un lusophone ? portugais
76%
Combien de signes comporte le calendrier chinois ? 12
75%
Dans quel sport associe-t-on Emile Ntamack et son fils Romain ? rugby
55%
Dans les albums de Tintin, comment s'appelle le majordome toujours courtois, discret, patient, dévoué à son maître et semblant être imperturbable ? Nestor
54%
Qui est Astérix dans Astérix aux jeux olympiques de Frédéric Forestier, en 2008 ? prénom et nom Clovis Cornillac
40%
Comment s'appelait la série télévisée d'aventures de 52 épisodes diffusée du 3 novembre 1963 au 27 mars 1966 sur RTF Télévision, puis sur la première chaîne de l'ORTF avec Jean Claude Drouot dans le rôle principal ? Thierry la Fronde
25%
Dans quel pays se trouve la ville d'Harbin célèbre pour son festival annuel de sculptures sur glace et de neige ? Chine
24%
Quel animal est appelé thazard ou wahoo ? poisson
10%
Qui interprète "La Maheude" dans la série "Germinal" créée par Julien Lilti et David Hourrègue en 2021 ? prénom et nom - voir photo Alix Poisson
3%
Aucun quiz correspondant
Distribution des résultats
% des personnes avec chaque résultat
Percentile par nombre de réponses
Votre historique - résultats
Vous n’avez pas pris ce quiz